00482nam a22001577a 4500003000200000005001700002008004100019020002200060050002400082100002500106245008700131300003000218504004200248650001200290650002200302020231117082748.0231117b xxu||||| |||| 00| 0 eng d a978-621-406-229-4 aHQ 769 b.An54 2023 aAng, Jaime Gutierrez aEthics 101: an exploration on the concept of right and wrong cJaime Gutierrez Ang avi, 128 pages ; c26 cm.  aIncludes bibliographical references.  aEthics. aConduct of life.